Art of Spending Money (Record no. 369176)

MARC details
000 -LEADER
fixed length control field 01452 a2200157 4500
003 - CONTROL NUMBER IDENTIFIER
control field OSt
005 - DATE AND TIME OF LATEST TRANSACTION
control field 20251211152310.0
008 - FIXED-LENGTH DATA ELEMENTS--GENERAL INFORMATION
fixed length control field 251211b |||||||| |||| 00| 0 eng d
020 ## - INTERNATIONAL STANDARD BOOK NUMBER
International Standard Book Number 9781804093696
100 ## - MAIN ENTRY--PERSONAL NAME
Personal name Housel M.
9 (RLIN) 215545
245 ## - TITLE STATEMENT
Title Art of Spending Money
Remainder of title Simple Choices for Richer Life
260 ## - PUBLICATION, DISTRIBUTION, ETC. (IMPRINT)
Name of publisher, distributor, etc. Harriman House
Date of publication, distribution, etc. 2025
Place of publication, distribution, etc. MACMILLAN
300 ## - PHYSICAL DESCRIPTION
Extent 246pp
520 ## - SUMMARY, ETC.
Summary, etc. Most of us don’t know how to spend money. We chase things that impress others but leave us cold. Or we save endlessly, afraid to spend on what would actually make life better. We confuse admiration with envy, comfort with excess, and status with utility.<br/><br/>The Art of Spending Money is about finding balance. It isn’t about budgets, hacks, or one-size-fits-all solutions. It’s about understanding how your relationship with money shapes your decisions—and how to reshape it so money works for you.<br/><br/>Morgan Housel’s work has helped millions rethink how they earn, save, and invest. Now he turns his attention to the other side of the equation: how to spend. With insight and warmth, he shows why the most valuable return on investment is peace of mind, why expectations matter more than income, and why doing well with money has less to do with spreadsheets and more to do with self-awareness.<br/><br/>This book isn’t about getting rich. It’s about getting the most out of what you already have—and learning to want what’s worth wanting.
942 ## - ADDED ENTRY ELEMENTS (KOHA)
Koha item type Books
Source of classification or shelving scheme Dewey Decimal Classification
Holdings
Withdrawn status Lost status Source of classification or shelving scheme Damaged status Not for loan Collection code Home library Current library Date acquired Vendor Cost, normal purchase price Total Checkouts Total Renewals Barcode Date last seen Date last checked out Cost, replacement price Bill Date Koha item type Original Barcode
    Dewey Decimal Classification     BCA MKSSS s K.B. Joshi Institute of Information Technology Library MKSSS s K.B. Joshi Institute of Information Technology Library 27/11/2025 8 374.25 7 5 KBJP-BK-2847 31/03/2026 24/03/2026 499.00 27/11/2025 Books 2847